| 000 | 02070nam a2200373 i 4500 | ||
|---|---|---|---|
| 003 | CO-BoRNBP | ||
| 005 | 20250305165856.0 | ||
| 007 | ta | ||
| 008 | 231121s2023 ck b|||er|||||0|| f spa|d | ||
| 020 |
_a9789586891660 _qColombia |
||
| 020 |
_a9786075740249 _qMéxico |
||
| 020 |
_a9788413626789 _qEspaña |
||
| 040 |
_aCO-BoRNBP _bspa _erda _cCO-BoRNBP |
||
| 041 | 1 |
_aspa _heng |
|
| 043 | _as-us--- | ||
| 084 | _aN EVA2 | ||
| 100 | 1 |
_aEvaristo, Benardine, _d1959- , _eautora _959131 |
|
| 245 | 1 | 0 |
_aRaíces rubias _cBernardine Evaristo ; traducción del inglés Miguel Marqués Muñoz |
| 250 | _aEdición especial para el Ministerio de las Culturas | ||
| 264 | 1 |
_aBogotá, Colombia _bDifusora Larousse de Colombia _c2023 |
|
| 300 |
_a375 páginas _bmapa en blanco y negro _c22 cm |
||
| 336 |
_atexto _btxt _2rdacontenido |
||
| 337 |
_asin mediación _bn _2rdamedio |
||
| 338 |
_avolumen _bnc _2rdasoporte |
||
| 520 | 3 | _aBienvenidos a un mundo al revés. Un buen día, Doris está jugando al escondite con sus hermanas en el prado de detrás de su casa, en Inglaterra. De repente, alguien se abalanza sobre ella, le pone un saco en la cabeza, y Doris termina en la bodega de un barco de esclavos que navega hacia el Nuevo Mundo. En esta fantástica e imaginativa vuelta de tuerca a la trata transatlántica de esclavos-en la que los blancos son esclavizados por los negros, Bernardine Evaristo nos invita a reflexionar con una sátira tan asequible y fácil de leer como inteligente y perspicaz. Raíces rubias nos acerca hasta la incomodidad de los grilletes, los lamentos y demás barbaries del esclavismo, planteando preguntas muy oportunas sobre la sociedad de hoy. | |
| 521 | _aRecomendado para un público adulto | ||
| 534 | _tBlonde roots | ||
| 650 | 1 | 7 |
_aNovela inglesa _ySiglo XX _2ARMARC _92622 |
| 650 | 1 | 7 |
_aLiteratura inglesa _ySiglo XX _2ARMARC _92623 |
| 650 | 1 | 7 |
_aEsclavitud en la literatura _2ARMARC _959132 |
| 650 | 1 | 7 |
_aDelitos en la literatura _2ARMARC _91605 |
| 700 | 1 |
_aMarqués Muñoz, Miguel, _etraductor _959133 |
|
| 942 |
_2loc _cBKLIT |
||
| 999 |
_c57019 _d57019 |
||